000 004340000a22001690004500
999 _c47761
_d47761
001 551
003 CO-MdFUSB
005 20180507135958.0
008 180507b xxu||||| |||| 00| 0 eng d
020 _a0-8442-7052-0
040 _cCO-MdBIC
082 0 4 _a413 P26sd
245 1 0 _aJust Lookn Learn: Spanish : Picture Dictionary, il. : Daniel J. Hoschstatteer
260 _aIllinois : Passport Books
300 _a96 p.
942 _cLGB